000 01170nam0a2200325 i 4500
001 RU\NLR\bibl\1977665
005 20240726095937.0
010 _a9785835408788
_91000
021 _aRU
_b2012-90761
_96714
035 _a(nilc)RuMoRGB-005574536
035 _a(NLR Aleph) 001966424
090 _a3896065
_c3896064
100 _a20121203d2012 u y0rusy50 ca
101 0 _arus
102 _aRU
105 _ay |||||||||
200 1 _aИзбранное
_fС. М. Корнеев
_g[сост. и науч. ред.: П. В. Крашенинников]
210 _aМосква
_cСтатут
_d2012
215 _a309, [1] с.
_d21
225 1 _aРоссийские цивилисты Новейшего времени
_fотв. ред.: П.В. Крашенинников
700 1 _aКорнеев
_bС. М.
_f1923-2002
_gСергей Михайлович
_4070
702 1 _aКрашенинников
_bП. В.
_4220
801 0 _aRU
_bRuMoRKP
_c20121203
_gRCR
801 2 _aRU
_bРГБ
_c20121219
_grcr
801 1 _aRU
_bRuMoRKP
_c20121203
_2rusmarc
801 2 _aRU
_bNLR
_c20121210
_grcr
830 _aавт. по кн.
942 _cBOOK
980 _aNBR